[Event "KFP Cup"]
[Site "Frydek Mistek CZE"]
[Date "2009.04.13"]
[Round "9"]
[White "Vlasak,Lu"]
[Black "Toma,K"]
[Result "0-1"]
[WhiteElo "2167"]
[BlackElo "2218"]
[ECO "B30"]

1.e4 c5 2.Nf3 Nc6 3.Nc3 g6 4.Bb5 Bg7 5.Bxc6 dxc6 6.O-O e5 7.h3 h6 8.d3 Be6
9.Be3 b6 10.a3 a5 11.Na4 f5 12.exf5 gxf5 13.Re1 Ne7 14.Bd2 Ng6 15.Bc3 O-O
16.Nxe5 Bxe5 17.Bxe5 f4 18.Qh5 Bf5 19.Bc3 Ra7 20.Re6 Kh7 21.Rae1 Bxe6 22.Rxe6 Rg8
23.Qf5 Qd5 24.Qf6 Qh5 25.Kh2 Rf8 26.Re5 Qd1 27.Qd6 f3 28.g4 Qf1  0-1

[Event "Open"]
[Site "Lenk SUI"]
[Date "2009.04.13"]
[Round "7"]
[White "Rindlisbacher,L"]
[Black "Lehmann,Mar"]
[Result "0-1"]
[WhiteElo "1965"]
[BlackElo "2263"]
[ECO "B29"]

1.e4 c5 2.Nf3 Nc6 3.Nc3 Nf6 4.e5 Ng4 5.Qe2 g6 6.h3 Nh6 7.g4 Bg7 8.Bg2 O-O
9.d3 d6 10.Be3 f5 11.Qd2 Nf7 12.exd6 exd6 13.O-O-O Rb8 14.h4 Qa5 15.Ng5 Nb4
16.Kb1 f4 17.Bxf4 Nxg5 18.hxg5 Bxc3 19.Qxc3 Qxa2+ 20.Kc1 Rxf4 21.Rxh7 Qa1+
22.Kd2 Qxd1+ 23.Kxd1 Kxh7 24.Qe1 Rf7 25.c3 Bxg4+ 26.f3 Nxd3 27.Qg3 Bf5 28.Qxd6 Re8  0-1

[Event "Sydney International Open"]
[Site "Parramatta AUS"]
[Date "2009.04.15"]
[Round "1"]
[White "Xie,G"]
[Black "Rosario,Am"]
[Result "1-0"]
[WhiteElo "2402"]
[BlackElo "1969"]
[ECO "B23"]

1.e4 c5 2.Nc3 Nc6 3.Bb5 g6 4.Bxc6 dxc6 5.d3 Bg7 6.Be3 b6 7.Qd2 Nf6 8.Bh6 O-O
9.h4 e5 10.Nge2 Be6 11.h5 Qc7 12.Bxg7 Kxg7 13.Qg5 h6 14.Qg3 g5 15.d4 Ng4
16.O-O-O Rad8 17.d5 cxd5 18.exd5 Bf5 19.f3 Ne3 20.d6  1-0

[Event "Sydney International Open"]
[Site "Parramatta AUS"]
[Date "2009.04.16"]
[Round "3"]
[White "Satyapragyan,S"]
[Black "Reinderman,D"]
[Result "1/2-1/2"]
[WhiteElo "2428"]
[BlackElo "2560"]
[ECO "B31"]

1.e4 c5 2.Nf3 Nc6 3.Nc3 Nf6 4.Bb5 g6 5.Bxc6 dxc6 6.d3 Bg7 7.h3 O-O 8.Bf4 Nh5
9.Bh2 b5 10.e5 f5 11.exf6 exf6 12.O-O f5 13.Be5 Bxe5 14.Nxe5 Qd6 15.Re1 Re8
16.Nf3 Be6 17.a3 Nf6 18.Qd2 b4 19.Qg5 Kg7 20.axb4 cxb4 21.Ne2 Nd5 22.Ned4 Kg8
23.Nh4 Kf7 24.Qh6 Nf6 25.Ndf3 Bd5 26.Ng5+ Kg8 27.Nxg6 hxg6 28.Qxg6+ Kh8 29.Qh6+ Kg8
30.Nh7 Kf7 31.Ng5+ Kg8 32.Qg6+ Kh8 33.Qh6+  1/2-1/2

[Event "Sydney International Open"]
[Site "Parramatta AUS"]
[Date "2009.04.16"]
[Round "4"]
[White "Sengupta,D"]
[Black "Brown,An"]
[Result "1-0"]
[WhiteElo "2466"]
[BlackElo "2085"]
[ECO "B30"]

1.e4 c5 2.Nf3 Nc6 3.Nc3 e5 4.Bc4 g6 5.d3 h6 6.Nd2 Bg7 7.Nf1 d6 8.Ne3 Be6
9.O-O Nf6 10.Ncd5 a6 11.a3 b5 12.Ba2 Ne7 13.b4 Nexd5 14.exd5 Bc8 15.Bb2 cxb4
16.axb4 O-O 17.Bb3 Bb7 18.Ra5 Nh5 19.Nf5 gxf5 20.Qxh5 Qg5 21.Qxg5 hxg5 22.c4 e4
23.Bxg7 Kxg7 24.c5 exd3 25.Ra2 Rfe8 26.f3 Re3 27.Rd2 a5 28.c6 Bc8 29.Ra1 a4
30.Kf2 f4 31.Ba2 Bf5 32.g4 Rh8 33.Kg2 Bg6 34.Rc1 Kf6 35.Bc4 bxc4 36.b5 c3
37.Rxc3 Re2+ 38.Rxe2 dxe2 39.Kf2 Re8 40.Ke1 Ke7 41.b6 Kd8 42.Rc4 Re3 43.c7+  1-0

[Event "zt 3.5 Men"]
[Site "Beijing CHN"]
[Date "2009.04.17"]
[Round "1"]
[White "Wang Hao"]
[Black "Xiu Deshun"]
[Result "1/2-1/2"]
[WhiteElo "2696"]
[BlackElo "2422"]
[ECO "B66"]

1.e4 c5 2.Nc3 Nc6 3.Nf3 d6 4.d4 cxd4 5.Nxd4 Nf6 6.Bg5 e6 7.Qd2 a6 8.O-O-O Be7
9.f4 Nxd4 10.Qxd4 b5 11.Bxf6 gxf6 12.Bd3 Qc7 13.Qe3 Qc5 14.Qg3 Bb7 15.f5 Kd7
16.Kb1 Rhg8 17.Qh3 h5 18.Rhf1 Qe5 19.g3 Rg4 20.a3 Bd8 21.Be2 Rg5 22.Rd3 Ba5
23.b4 Rc8 24.fxe6+ fxe6 25.g4 Bb6 26.Rfd1 Ke7 27.gxh5 Bxe4 28.Nxe4 Qxe4 29.R3d2 Rg2
30.Qf3 Qxf3 31.Bxf3 Rxd2 32.Rxd2 Rc3 33.Rd3 Rxd3 34.cxd3 d5 35.h6 f5 36.Bh5 Bd4
37.Kc2 Kf6  1/2-1/2

[Event "Sydney International Open"]
[Site "Parramatta AUS"]
[Date "2009.04.17"]
[Round "5"]
[White "Sengupta,D"]
[Black "Reinderman,D"]
[Result "1/2-1/2"]
[WhiteElo "2466"]
[BlackElo "2560"]
[ECO "B33"]

1.e4 c5 2.Nf3 Nc6 3.Nc3 Nf6 4.d4 cxd4 5.Nxd4 e5 6.Ndb5 d6 7.Nd5 Nxd5 8.exd5 Nb8
9.a4 Be7 10.Be2 O-O 11.O-O Nd7 12.Kh1 f5 13.f4 a6 14.Na3 exf4 15.Bxf4 g5
16.Bc1 Ne5 17.c4 f4 18.Nc2 Bf5 19.Nd4 Qc8 20.Ra3 a5 21.Rc3 Bf6 22.c5 dxc5
23.Nxf5 Qxf5 24.d6 b6 25.Rb3 Rab8 26.Qd5+ Kg7 27.Bd3 Qg4 28.Bb5 Qh5 29.Re1 Ng4
30.h3 Qh4 31.Bd2 Nf2+ 32.Kg1 g4 33.Re7+ Kh8 34.Bxf4 gxh3 35.Rf3 hxg2 36.Kxg2 Rg8+
37.Kf1 Ng4 38.Qd3 Rbf8 39.Rxh7+ Qxh7 40.Rh3 Rg7 41.Rxh7+ Rxh7 42.Ke2 Be5
43.d7 Bd4 44.Qe4 Nf6 45.Qe6 Nxd7 46.Bxd7 Rxf4 47.Qe8+ Kg7 48.Be6 Rh8 49.Qd7+ Kg6
50.Bd5 Bf6 51.b3 Rd4 52.Qe6 Rd8 53.Be4+ Kg7 54.Qf5 R8d6 55.Kf3 Rd1 56.Qh7+ Kf8
57.Qb7 Be7 58.Qc8+ Kg7  1/2-1/2

[Event "zt 3.5 Men"]
[Site "Beijing CHN"]
[Date "2009.04.18"]
[Round "2"]
[White "Li Chao2"]
[Black "Li Shilong"]
[Result "1/2-1/2"]
[WhiteElo "2643"]
[BlackElo "2557"]
[ECO "B30"]

1.e4 c5 2.Nf3 Nc6 3.Nc3 Nf6 4.Bb5 g6 5.h3 Bg7 6.e5 Ng8 7.Bxc6 dxc6 8.d3 Nh6
9.g4 O-O 10.Be3 f5 11.exf6 exf6 12.Qd2 Nf7 13.Bxc5 Re8+ 14.Be3 f5 15.gxf5 Bxf5
16.O-O-O b5 17.Kb1 Be6 18.Ne4 Qd5 19.Qa5 Bxh3 20.Rxh3 Rxe4 21.Qd2 Ra4 22.b3 Rg4
23.Rdh1 a5 24.Ne1 Ng5 25.Bxg5 Qxg5 26.Qxg5 Rxg5 27.Rxh7 Rf8 28.R7h2 Bc3 29.Kc1 Rgf5
30.Rf1 Kg7 31.Kd1 g5 32.f3 Bxe1 33.Rxe1 Rxf3 34.Rg2 Kg6 35.Re6+ R8f6 36.Re8 Rf8
37.Re6+ R3f6 38.Re5 Rf5 39.Re6+ R8f6 40.Re8  1/2-1/2

[Event "TCh-HUN 2008-9"]
[Site "Budapest HUN"]
[Date "2009.04.18"]
[Round "11"]
[White "Fogarasi,T"]
[Black "Torma,R"]
[Result "1/2-1/2"]
[WhiteElo "2426"]
[BlackElo "2369"]
[ECO "B31"]

1.e4 c5 2.Nc3 Nc6 3.Nf3 g6 4.Bb5 Bg7 5.O-O d6 6.d3 Bd7 7.a4 Nf6 8.h3 O-O
9.Bc4 Nb4 10.e5 dxe5 11.Nxe5 Nc6 12.Bf4 Nxe5 13.Bxe5 Bc6 14.Re1 Qd7 15.Qe2 b6
16.Bb5  1/2-1/2

[Event "TCh-NED 2008-9"]
[Site "Netherlands NED"]
[Date "2009.04.18"]
[Round "8"]
[White "Kleijn,C"]
[Black "Van der Weide,K"]
[Result "1/2-1/2"]
[WhiteElo "2238"]
[BlackElo "2473"]
[ECO "B65"]

1.e4 c5 2.Nf3 Nc6 3.Nc3 d6 4.d4 cxd4 5.Nxd4 Nf6 6.Bg5 e6 7.Qd2 Be7 8.O-O-O O-O
9.f4 Nxd4 10.Qxd4 Qa5 11.e5 dxe5 12.Qxe5 Qxe5 13.fxe5 Nd5 14.Bxe7 Nxe7 15.Bd3 b6
16.Be4 Rb8 17.Nb5 Bb7 18.Rhe1 Bxe4 19.Rxe4 Rb7 20.Ra4 a5 21.Re4 h6 22.Rd3 Nc6
23.a3 Ne7 24.Rb3 Rfb8 25.Nd6 Rd7 26.Nc4 Rdb7 27.Nd6 Rd7 28.Nc4 Rdb7 29.Rd4 Nd5
30.Kb1 a4 31.Rb5 Nc7 32.Rb4 Nd5 33.Rb5 Nc7 34.Rb4 Nd5 35.Rb5  1/2-1/2

[Event "Sydney International Open"]
[Site "Parramatta AUS"]
[Date "2009.04.18"]
[Round "8"]
[White "Reinderman,D"]
[Black "Charles,Ga"]
[Result "1-0"]
[WhiteElo "2560"]
[BlackElo "2160"]
[ECO "B23"]

1.e4 c5 2.Nc3 Nc6 3.Bb5 Nd4 4.Bc4 g6 5.Nf3 Bg7 6.Nxd4 cxd4 7.Qf3 Nh6 8.Ne2 O-O
9.c3 dxc3 10.dxc3 Ng4 11.Bb3 d6 12.h3 Nf6 13.O-O Bd7 14.Re1 Qc7 15.Bg5 h6
16.Bxf6 Bxf6 17.Nf4 Kg7 18.Nd5 Qc6 19.Nxf6 exf6 20.Rad1 Be6 21.Rd4 Rad8 22.Red1 Rd7
23.Qd3 Bxb3 24.axb3 Rfd8 25.Rd5 a6 26.Qd4 Re8 27.f3 Re5 28.Rxd6 Rxd6 29.Qxd6 Qxd6
30.Rxd6 Rb5 31.b4 Kf8 32.Rd5 Rb6 33.Kf2 Ke7 34.g4 Re6 35.Ke3 Rb6 36.Kd4 Rc6
37.b5 axb5 38.Rxb5 b6 39.Rd5 Rc7 40.b3 Rc6 41.h4 Rc7 42.h5 Rc8 43.c4 Ra8
44.Kc3 Ra2 45.Kb4 Rf2 46.Rd3 gxh5 47.gxh5 Rh2 48.Kb5 Rxh5+ 49.Kxb6  1-0

[Event "PWC Open"]
[Site "Toronto CAN"]
[Date "2009.04.18"]
[Round "3"]
[White "Thavandiran,S"]
[Black "Guo,J"]
[Result "1-0"]
[WhiteElo "2291"]
[BlackElo "2108"]
[ECO "B23"]

1.e4 c5 2.Nc3 Nc6 3.Bb5 g6 4.Bxc6 bxc6 5.d3 Bg7 6.f4 d6 7.Nf3 e6 8.O-O Ne7
9.Qe1 O-O 10.Qf2 Rb8 11.e5 Nf5 12.Ne4 dxe5 13.fxe5 Nd4 14.Nxd4 Qxd4 15.Be3 Qxe5
16.c3 f5 17.Bxc5 Rd8 18.Bd4 Rxd4 19.cxd4 Qxd4 20.Kh1 Qxf2 21.Nxf2 Rxb2 22.Rab1 Ba6
23.Rxb2 Bxb2 24.Rb1 Bd4 25.Rb8+ Kg7 26.Kg1 e5 27.Rd8 Bb5 28.Rd7+ Kf6 29.Kf1 h5
30.Ke2 Bc5 31.Nd1 Ke6 32.Rg7 Kf6 33.Rd7 Ke6 34.Rg7 Kf6 35.Rb7 Bd4 36.Kd2 Bg1
37.h3 e4 38.dxe4 fxe4 39.Nc3 e3+ 40.Kd1 Bc4 41.Ne2 Bh2 42.Rxa7 Bd5 43.g3 g5
44.a4 h4 45.gxh4 gxh4 46.a5 Bd6 47.a6 c5 48.Rh7  1-0

[Event "16th ch-Asian Cities Dubai Cup"]
[Site "Beirut LIB"]
[Date "2009.04.19"]
[Round "5"]
[White "Bakr,J"]
[Black "Mansour,Sam"]
[Result "1-0"]
[WhiteElo "2367"]
[BlackElo "2255"]
[ECO "B31"]

1.e4 c5 2.Nf3 Nc6 3.Nc3 g6 4.Bb5 Bg7 5.Bxc6 dxc6 6.h3 Nf6 7.d3 Nd7 8.Bg5 h6
9.Be3 e5 10.Qd2 Qe7 11.O-O-O Nf8 12.Kb1 Ne6 13.g3 Nd4 14.Ne1 Be6 15.f3 Qc7
16.Ne2 O-O-O 17.Nc1 c4 18.c3 Nb5 19.a4 Nd6 20.Qf2 b6 21.d4 Nb7 22.Nc2 f5
23.dxe5 fxe4 24.f4 c5 25.g4 Rd3 26.Qg2 Rhd8 27.Nxd3 cxd3 28.Na3 Qc6 29.c4 Na5
30.Rc1 Nb3 31.Rc3 Nd4 32.Nb5 Kb8 33.Rhc1 Ne2 34.f5 Nxc3+ 35.Nxc3 Bxc4 36.f6 Bf8
37.Qxe4 Qe6 38.Rd1 g5 39.Qf5 Kb7 40.Rd2 a6 41.Qh7+ Rd7 42.Qe4+  1-0

[Event "K41 Scandinavian Open"]
[Site "Copenhagen DEN"]
[Date "2009.04.19"]
[Round "3"]
[White "Zdebskaja,N"]
[Black "Bejtovic,J"]
[Result "1-0"]
[WhiteElo "2438"]
[BlackElo "2306"]
[ECO "B34"]

1.e4 c5 2.Nf3 Nc6 3.Nc3 g6 4.d4 cxd4 5.Nxd4 Bg7 6.Be3 Nf6 7.Nxc6 bxc6 8.e5 Ng8
9.Bd4 f6 10.f4 Qc7 11.Qe2 fxe5 12.Bxe5 Bxe5 13.fxe5 Nh6 14.O-O-O O-O 15.Qe4 Rf5
16.Bc4+ e6 17.g4 Rxe5 18.Qf4 Nf7 19.Ne4 d5 20.Nf6+ Kh8 21.Bd3 Rb8 22.Ne8 Qe7
23.Nd6 Qxd6 24.Qxf7 Bd7 25.Bxg6 hxg6 26.Rd3 Qf8 27.Rh3+ Rh5 28.Qxf8+ Rxf8
29.gxh5 g5 30.Rg3 e5 31.Rxg5 e4 32.Rhg1 e3 33.h6 Bh3 34.Kd1 d4 35.Ke1 Be6
36.Rf1 Rc8 37.b3 c5 38.Rf6 Bg8 39.Rff5 c4 40.Rc5 Rb8 41.bxc4 Be6 42.Rg6 Bh3
43.Rb5 Rf8 44.Rg7 Be6 45.Rbb7 Bg8 46.Rbd7 a5 47.Rxd4 Bh7 48.Ke2 Bxc2 49.Kxe3 a4
50.Rf4 Re8+ 51.Kd2 a3 52.Rgf7 Bb1 53.Rf8+ Rxf8 54.Rxf8+ Kh7 55.Ra8 Bxa2 56.Kc3  1-0

[Event "PWC Open"]
[Site "Toronto CAN"]
[Date "2009.04.19"]
[Round "4"]
[White "Siddeley,H"]
[Black "Wight,K"]
[Result "1-0"]
[WhiteElo "2003"]
[BlackElo "2030"]
[ECO "B23"]

1.e4 c5 2.Nc3 Nc6 3.Bb5 Nd4 4.a4 g6 5.Nf3 Bg7 6.O-O Nh6 7.d3 O-O 8.Nxd4 cxd4
9.Ne2 Re8 10.c3 dxc3 11.bxc3 e6 12.d4 a6 13.Bd3 d6 14.f3 f5 15.Bd2 Bd7 16.a5 Bc6
17.Qb3 d5 18.e5 Rc8 19.Rfc1 Nf7 20.Rc2 Rc7 21.Rb2 Qd7 22.Qa2 Rec8 23.Rb6 Bf8
24.Rab1 g5 25.R1b2 Be7 26.Qb1 Kh8 27.Kh1 h5 28.Ng3 Nh6 29.Nxh5 Rg8 30.Qe1 Qe8
31.Nf6 Bxf6 32.exf6 Nf7 33.Qg3 Qb8 34.Bxa6 Kh7 35.Bd3 Qc8 36.a6 bxa6 37.Bxa6 Qd8
38.Rb8 Qxb8 39.Rxb8 Rxb8 40.h4 Rb1+ 41.Kh2 Ra7 42.hxg5 Kg6 43.Bc8 Bd7 44.Bxd7 Rxd7
45.Qf4 Nd6 46.Qe5 f4 47.Qxf4 Rd1 48.Kg3 Nf5+ 49.Kf2 Rh7 50.Ke2 Rg1 51.g4 Ng3+
52.Kd3 Rb7 53.Qd6  1-0

[Event "7th V.Nabokov Mem"]
[Site "Kyiv UKR"]
[Date "2009.04.20"]
[Round "9"]
[White "Onoprienko,V"]
[Black "Itkis,B"]
[Result "1/2-1/2"]
[WhiteElo "2348"]
[BlackElo "2430"]
[ECO "B23"]

1.e4 c5 2.Nc3 Nc6 3.Bb5 Nd4 4.Bc4 e6 5.Nge2 Nf6 6.O-O d5 7.exd5 exd5 8.Nxd5 Nxd5
9.Nxd4 cxd4 10.Qh5 Be6 11.Re1 Nc7 12.Bxe6 Nxe6 13.Rxe6+ Be7 14.Qb5+ Qd7 15.Qxd7+ Kxd7
16.Re4 Bf6 17.c4 Rhe8 18.d3 Rxe4 19.dxe4 Rc8 20.b3 b5 21.cxb5 d3 22.Rb1 Bd4
23.Kf1 Rc2 24.Be3 Bxe3 25.fxe3 Rxa2 26.Rd1 Ke6 27.Rxd3 Ra5 28.Rd5 Ra3 29.Ke2 Rxb3
30.Kf3 h6 31.h4 a6 32.bxa6 Ra3  1/2-1/2

[Event "NK Jeugd A"]
[Site "Venlo NED"]
[Date "2009.04.24"]
[Round "1"]
[White "Burg,T"]
[Black "Smith,T"]
[Result "1-0"]
[WhiteElo "2362"]
[BlackElo "1955"]
[ECO "B30"]

1.e4 c5 2.Nf3 Nc6 3.Nc3 Nf6 4.Bb5 a6 5.Bxc6 dxc6 6.d3 g6 7.Be3 b6 8.h3 Bg7
9.Qd2 O-O 10.Bh6 Re8 11.Bxg7 Kxg7 12.Ne5 Qc7 13.f4 Nd7 14.Nf3 e5 15.f5 Nf8
16.f6+ Kxf6 17.Qh6 Ke7 18.O-O Be6 19.Ng5 Ra7 20.Qg7 Kd8 21.Rf6 Nd7 22.Nxf7+ Bxf7
23.Rxf7 Qd6 24.Qxh7 Nf8 25.Qh4+ Rae7 26.Raf1 Ne6 27.Ne2 Kd7 28.Qg4 g5 29.Ng3 Qd4+
30.Kh2 Rxf7 31.Rxf7+ Kd8 32.Nf5 Qxb2 33.Ng7 Qxa2 34.Nxe8 Kxe8 35.Qh5 Nf8
36.Ra7+ Kd8 37.Qxg5+  1-0

[Event "NK Jeugd A"]
[Site "Venlo NED"]
[Date "2009.04.25"]
[Round "2"]
[White "Kuling,L"]
[Black "Nicolai,Am"]
[Result "1-0"]
[WhiteElo "2205"]
[BlackElo "1825"]
[ECO "B31"]

1.e4 c5 2.Nf3 Nc6 3.Nc3 g6 4.Bb5 Bg7 5.O-O a6 6.Bxc6 dxc6 7.d3 Nf6 8.Be3 b6
9.h3 O-O 10.Qd2 Re8 11.Bh6 e5 12.Nh2 Ra7 13.Rae1 Qd6 14.Qg5 Qf8 15.Bxg7 Qxg7
16.Qe3 Nh5 17.b4 f5 18.bxc5 f4 19.Qd2 bxc5 20.Na4 Rf8 21.f3 Ng3 22.Rf2 c4
23.Nf1 cxd3 24.Qxd3 Qe7 25.Rd2 Be6 26.Qd6 Qxd6 27.Rxd6 Bxa2 28.Kf2 Nxf1 29.Rxf1 Rb7
30.Nc5 Rb2 31.Rc1 Rfb8 32.Rxc6 Rd8 33.Ke1 a5 34.Nd3 Rb5 35.Ra1 Bf7 36.Rc5 Rxc5
37.Nxc5 Bc4 38.Rxa5 Rb8 39.Ra1 Rc8 40.Ra5 Rb8 41.Nb3 Bxb3 42.cxb3 Rxb3 43.Rxe5 Rb1+
44.Kf2 Rb2+ 45.Kg1 Kf7 46.h4 Kf6 47.Rd5 h5 48.Rd6+ Ke7 49.Rd3 Ke6 50.Kh2 Kf6
51.Kh3 Rb6 52.g3 fxg3 53.Kxg3 Ra6 54.Kf4 Ra1 55.Rd6+ Kg7 56.Rd7+ Kf6 57.e5+ Ke6
58.Rd6+ Kf7 59.Kg5 Rg1+ 60.Kh6 g5 61.hxg5 h4 62.g6+ Ke7 63.Rd4  1-0

[Event "NK Jeugd A"]
[Site "Venlo NED"]
[Date "2009.04.25"]
[Round "2"]
[White "Kleijn,C"]
[Black "Kuipers,S"]
[Result "1/2-1/2"]
[WhiteElo "2320"]
[BlackElo "2343"]
[ECO "B30"]

1.e4 c5 2.Nf3 Nc6 3.Nc3 Nf6 4.Bb5 Qc7 5.O-O Nd4 6.Re1 e5 7.Bc4 Be7 8.d3 d6
9.Nd2 a6 10.a4 Rb8 11.Nf1 b5 12.axb5 axb5 13.Nd5 Qd8 14.Nxf6+ Bxf6 15.Bd5 O-O
16.Bd2 Be6 17.Ne3 Qc8 18.c3 Nc6 19.Qf3 Bg5 20.Qh5 Bf4 21.Bxc6 Bxe3 22.Rxe3 Qxc6
23.Rg3 f6 24.f4 exf4 25.Bxf4 c4 26.Re1 cxd3 27.Rxd3 Rbd8 28.Rd4 Qc5 29.Qd1 Rd7
30.Qd2 Rfd8 31.h3 d5 32.e5 f5 33.Be3 Qc6 34.Rh4 Ra8 35.Bd4 Rb7 36.Kh2 Qe8
37.b4 Qe7 38.Bf2 Rba7 39.Bxa7 Qxh4 40.Bf2 Qc4 41.Bd4  1/2-1/2

[Event "zt 3.5 Men"]
[Site "Beijing CHN"]
[Date "2009.04.28"]
[Round "11"]
[White "Gao Rui"]
[Black "Li Shilong"]
[Result "1/2-1/2"]
[WhiteElo "2500"]
[BlackElo "2557"]
[ECO "B33"]

1.e4 c5 2.Nf3 Nc6 3.Nc3 Nf6 4.d4 cxd4 5.Nxd4 e5 6.Ndb5 d6 7.Bg5 a6 8.Na3 b5
9.Nd5 Be7 10.Bxf6 Bxf6 11.c3 Bg5 12.Nc2 O-O 13.a4 bxa4 14.Rxa4 a5 15.Bb5 Bb7
16.O-O Ne7 17.Nce3 Bxe3 18.Nxe3 Qb6 19.Qd3 Rfd8 20.Bc4 Bc6 21.Ra2 a4 22.Rfa1 Rab8
23.Nd5 Bxd5 24.Bxd5 g6 25.h4 Qc5 26.Rd1 Qc7 27.Qc2 Nxd5 28.Rxd5 Qc6  1/2-1/2

[Event "TOP 16 GpA"]
[Site "Mulhouse FRA"]
[Date "2009.04.30"]
[Round "4"]
[White "Landenbergue,C"]
[Black "Tregubov,P"]
[Result "0-1"]
[WhiteElo "2410"]
[BlackElo "2628"]
[ECO "B30"]

1.e4 c5 2.Nf3 Nc6 3.Nc3 Nf6 4.Bb5 g6 5.Bxc6 bxc6 6.d3 Bg7 7.Be3 d6 8.h3 Rb8
9.Rb1 O-O 10.O-O e5 11.Qd2 Nh5 12.Nh2 f5 13.exf5 gxf5 14.f4 exf4 15.Bxf4 Nxf4
16.Qxf4 Rb4 17.Qd2 Qf6 18.Nf3 Bd7 19.d4 Bh6 20.Qe1 Re8 21.Qg3+ Qg6 22.Qxg6+ hxg6
23.dxc5 Be3+ 24.Kh1 Bxc5 25.Rbd1 d5 26.b3 Be3 27.Na4 Bc8 28.c3 Rbe4 29.Nd4 Ba6
30.Rf3 Bf4 31.g3 Bd6 32.b4 Be2 33.Nxe2 Rxe2 34.c4 Bxb4 35.a3 Bf8 36.cxd5 cxd5
37.Nc3 Rc2 38.Nxd5 Ree2 39.Rc3 Rxc3 40.Nxc3 Re3  0-1

[Event "TOP 16 GpA"]
[Site "Mulhouse FRA"]
[Date "2009.05.01"]
[Round "5"]
[White "Chomet,P"]
[Black "Nataf,IA"]
[Result "0-1"]
[WhiteElo "2342"]
[BlackElo "2533"]
[ECO "B70"]

1.e4 c5 2.Nc3 Nc6 3.Nge2 g6 4.d4 cxd4 5.Nxd4 Bg7 6.Nb3 Nf6 7.Be2 O-O 8.O-O d6
9.Bg5 a6 10.Qd2 b5 11.f3 Ne5 12.Kh1 Rb8 13.Nd4 Bb7 14.b4 Rc8 15.a4 Nc4 16.Bxc4 Rxc4
17.Nce2 bxa4 18.Rxa4 Nd7 19.Ra2 Nb6 20.Nb3 Rc7 21.Bh6 Bxh6 22.Qxh6 Qc8 23.Ned4 Rd8
24.Na5 Ba8 25.Qg5 Rdd7 26.Nf5 f6 27.Nh6+ Kg7 28.Qe3 Rc3  0-1

[Event "2nd Mayors Cup"]
[Site "Mumbai IND"]
[Date "2009.05.01"]
[Round "1"]
[White "Barua,D"]
[Black "Kumaran,B"]
[Result "1-0"]
[WhiteElo "2483"]
[BlackElo "1782"]
[ECO "B30"]

1.e4 c5 2.Nf3 Nc6 3.Nc3 e5 4.Bc4 Be7 5.d3 Nf6 6.Ng5 O-O 7.f4 exf4 8.Bxf4 d6
9.O-O Bg4 10.Qd2 Ne5 11.Bb3 h6 12.Nf3 Nxf3+ 13.gxf3 Bh3 14.Rf2 Nh7 15.Nd5 Bh4
16.Bg3 Kh8 17.Kh1 Bxg3 18.hxg3 Be6 19.Nf4 Bxb3 20.axb3 Ng5 21.Nh5 Qd7 22.g4 b6
23.Ng3 a5 24.Nf5 f6 25.Ne3 a4 26.b4 Ra6 27.Nd5 Rb8 28.f4 Nf7 29.Rg1 a3 30.bxa3 Rxa3
31.Rh2 Qa7 32.g5 fxg5 33.fxg5 Ra1 34.g6 Rxg1+ 35.Kxg1 Ne5 36.Rxh6+ Kg8 37.Rh8+ Kxh8
38.Qh2+ Kg8 39.Qh7+ Kf8 40.Qh8+  1-0

[Event "IV Tch-ESP Selecciones Autonomicas"]
[Site "Villava ESP"]
[Date "2009.05.01"]
[Round "3"]
[White "Baron Rodriguez,Je"]
[Black "Pena Gomez,M"]
[Result "1-0"]
[WhiteElo "2428"]
[BlackElo "2456"]
[ECO "B30"]

1.e4 c5 2.Nf3 Nc6 3.Nc3 Nd4 4.Bc4 e6 5.O-O h6 6.Nxd4 cxd4 7.Ne2 Nf6 8.d3 Qb6
9.Bb3 Be7 10.f4 O-O 11.Ng3 d5 12.Kh1 a5 13.a4 Qc6 14.Qf3 dxe4 15.dxe4 b6
16.f5 exf5 17.Nxf5 Bxf5 18.Qxf5 g6 19.Qe5 Rae8 20.Bxh6 Bd8 21.Qb5 Qxe4 22.Bxf8 Rxf8
23.Rae1 Qh4 24.Qe5 d3 25.cxd3 Qg4 26.Bc4 Kg7 27.Bb5 Kg8 28.h3  1-0

[Event "84th ch-ARG Semifinal"]
[Site "La Plata ARG"]
[Date "2009.05.02"]
[Round "4"]
[White "Tristan,L"]
[Black "Gimenez,S"]
[Result "1-0"]
[WhiteElo "2393"]
[BlackElo "2112"]
[ECO "B23"]

1.e4 c5 2.Nc3 Nc6 3.Bb5 Nd4 4.Bc4 g6 5.Nf3 Bg7 6.Nxd4 cxd4 7.Qf3 Nh6 8.d3 O-O
9.Ne2 Ng4 10.Qg3 Ne5 11.Bb3 Nc6 12.a3 d6 13.h4 e6 14.h5 Qe7 15.Bg5 Qc7 16.hxg6 fxg6
17.Qh3 Kf7 18.O-O-O Qa5 19.Bd2 Qd8 20.f4 Qf6 21.f5 gxf5 22.exf5 d5 23.Qh5+ Kg8
24.Qxh7+ Kf7 25.Qh5+ Kg8 26.Rdf1 exf5 27.Bxd5+ Be6 28.Qh7+ Kf7 29.Rxf5 Rh8
30.Rxf6+  1-0

[Event "2nd Mayors Cup"]
[Site "Mumbai IND"]
[Date "2009.05.02"]
[Round "2"]
[White "Deepan,C"]
[Black "G.,Akash"]
[Result "1-0"]
[WhiteElo "2482"]
[BlackElo "2111"]
[ECO "B30"]

1.e4 c5 2.Nf3 Nc6 3.Nc3 e5 4.Bc4 Be7 5.d3 d6 6.Nd2 Bg5 7.Nf1 Bxc1 8.Rxc1 Nf6
9.Ne3 O-O 10.O-O Be6 11.a3 Ne7 12.f4 exf4 13.Rxf4 d5 14.exd5 Nfxd5 15.Bxd5 Bxd5
16.Qh5 Bc6 17.Qxc5 Ng6 18.Rf2 Rc8 19.Qxa7 b6 20.Qa6 Qg5 21.Re1 Rfe8 22.Ne4 Bxe4
23.dxe4 Nf4 24.Kh1 Rc6 25.Qb7 Rh6 26.Ref1 Qg3 27.Ng4 Qxg4 28.Rxf4 Rf6 29.Rxf6 gxf6
30.Qxb6  1-0

[Event "2nd Mayors Cup"]
[Site "Mumbai IND"]
[Date "2009.05.02"]
[Round "2"]
[White "Deepan,C"]
[Black "G.,Akash"]
[Result "1-0"]
[WhiteElo "2482"]
[BlackElo "2111"]
[ECO "B30"]

1.e4 c5 2.Nf3 Nc6 3.Nc3 e5 4.Bc4 Be7 5.d3 d6 6.Nd2 Bg5 7.Nf1 Bxc1 8.Rxc1 Nf6
9.Ne3 O-O 10.O-O Be6 11.a3 Ne7 12.f4 exf4 13.Rxf4 d5 14.exd5 Nfxd5 15.Bxd5 Bxd5
16.Qh5 Bc6 17.Qxc5 Rc8 18.Qxa7 b6 19.Qa6 Re8 20.Ne4 Bxe4 21.dxe4 Rc6 22.Qb7 Rh6
23.Ng4 Rf6 24.Rxf6 gxf6 25.Qxb6  1-0

[Event "Moscow Region Spring GM"]
[Site "Serpukhov RUS"]
[Date "2009.05.02"]
[Round "3"]
[White "Iljiushenok,I"]
[Black "Kupreichik,V"]
[Result "1/2-1/2"]
[WhiteElo "2413"]
[BlackElo "2453"]
[ECO "B70"]

1.e4 c5 2.Nf3 Nc6 3.Nc3 g6 4.d4 cxd4 5.Nxd4 Bg7 6.Nb3 Nf6 7.Be2 O-O 8.O-O d6
9.Re1 a5 10.a4 Be6 11.Bf1 Bxb3 12.cxb3 Nd7 13.Be3 Nc5 14.Rc1 Rc8 15.f3 Nb4
16.Bc4 e6 17.Qd2 Qe7 18.Rcd1 Rfd8 19.g3 Bf6 20.Qg2 Qf8 21.Rd2 Re8 22.Bf2 d5
23.exd5 exd5 24.Nxd5 Nxd5 25.Rxe8 Qxe8 26.Bxd5 Nxa4 27.Qf1 Nxb2 28.Bxb7 Rd8
29.Qe1 Qxe1+ 30.Bxe1 Nd3 31.Bf2 Nxf2 32.Rxd8+ Bxd8  1/2-1/2

[Event "IV Tch-ESP Selecciones Autonomicas"]
[Site "Villava ESP"]
[Date "2009.05.02"]
[Round "4"]
[White "Andres Gonzalez,I"]
[Black "Planells Roig,J"]
[Result "1-0"]
[WhiteElo "2364"]
[BlackElo "2076"]
[ECO "B30"]

1.e4 c5 2.Nc3 Nc6 3.Nf3 g6 4.Bb5 Bg7 5.Bxc6 bxc6 6.d3 d6 7.h3 e5 8.O-O Ne7
9.a3 Rb8 10.Nd2 O-O 11.Nc4 Be6 12.Rb1 Nc8 13.Qe1 Nb6 14.b3 Qd7 15.f4 Nxc4
16.dxc4 f5 17.fxe5 Bxe5 18.Bh6 Rf7 19.Qd2 Re8 20.Rfd1 Bd4+ 21.Be3 Bxe3+ 22.Qxe3 Rfe7
23.Qg3 d5 24.exd5 cxd5 25.Nxd5 Bxd5 26.Rxd5 Qe6 27.Rxc5 Qe4  1-0

[Event "84th ch-ARG Semifinal"]
[Site "La Plata ARG"]
[Date "2009.05.03"]
[Round "6"]
[White "Orsini,A"]
[Black "Palmero,P"]
[Result "1-0"]
[WhiteElo "2352"]
[BlackElo "2139"]
[ECO "B30"]

1.e4 c5 2.Nc3 Nc6 3.Nf3 e5 4.Bc4 Be7 5.d3 Nf6 6.Ng5 O-O 7.f4 exf4 8.Bxf4 d6
9.O-O Nd4 10.Qd2 Bg4 11.Rae1 h6 12.Nf3 Nxf3+ 13.gxf3 Bh3 14.Rf2 Nh5 15.Bg3 Bf6
16.Nd5 Bd4 17.Ne3 Qg5 18.f4 Qg6 19.c3 Bxe3 20.Rxe3 Bd7 21.Rg2 Qf6 22.e5 Qf5
23.Rf2 Bc6 24.d4 cxd4 25.cxd4 Rae8 26.d5 Bd7 27.Bd3 Qg4 28.h3 Qxh3 29.Rh2 Qg4
30.Rh4 Qxg3+ 31.Rxg3 Nxg3 32.Qg2 Nf5 33.Rh5 Nd4 34.Rxh6 dxe5  1-0

[Event "IV Tch-ESP Selecciones Autonomicas"]
[Site "Villava ESP"]
[Date "2009.05.03"]
[Round "6"]
[White "Suarez Pousa,D"]
[Black "Aguera Naredo,J"]
[Result "1/2-1/2"]
[WhiteElo "2431"]
[BlackElo "2380"]
[ECO "B57"]

1.e4 c5 2.Nc3 Nc6 3.Nf3 d6 4.d4 cxd4 5.Nxd4 Nf6 6.Bc4 Na5 7.Be2 e6 8.O-O Be7
9.f4 a6 10.Kh1 Qc7 11.g4 b5 12.Bf3 Rb8 13.g5 Nd7 14.Bg2 b4 15.Nce2 g6 16.a3 bxa3
17.Rxa3 Bb7 18.Qe1 Bd8 19.Bd2 Nc6 20.Nxc6 Bxc6 21.Nd4 Bb7 22.Ba5 Qc5 23.Nb3 Bxa5
24.Nxa5 Ba8 25.Rc3 Qd4 26.Nc6 Bxc6 27.Rxc6 Qxb2 28.Rxd6 Qxc2 29.Qf2 Qxf2
30.Rxf2 Rb1+ 31.Rf1 Rxf1+ 32.Bxf1 Nb8 33.Bxa6  1/2-1/2

[Event "IV Tch-ESP Selecciones Autonomicas"]
[Site "Villava ESP"]
[Date "2009.05.03"]
[Round "6"]
[White "Andres Gonzalez,I"]
[Black "Paramos Dominguez,R"]
[Result "1/2-1/2"]
[WhiteElo "2364"]
[BlackElo "2429"]
[ECO "B23"]

1.e4 c5 2.Nc3 Nc6 3.Nge2 Nd4 4.Nxd4 cxd4 5.Ne2 Nf6 6.e5 Ng4 7.Nxd4 Nxe5 8.Nf3 Nxf3+
9.Qxf3 Qc7 10.c3 e6 11.d4 Bd6 12.Qg4 Kf8 13.Bd3 Rb8 14.Bd2 b5 15.h3 Bb7 16.O-O Bc6
17.b3 h5 18.Qe2 Bh2+ 19.Kh1 Bf4 20.Rac1 g5 21.Bxf4 Qxf4 22.Qe3 Ke7 23.Rfe1 Rh6
24.Qxf4 gxf4 25.Be4 d5 26.Bf3 Kd6 27.Re5 h4 28.Rg5 f6 29.Rg7 Bd7 30.Kg1 Rc8
31.Kf1 Rc7 32.Ke1 Bc6 33.Rxc7 Kxc7 34.c4 dxc4 35.bxc4 Bxf3 36.cxb5+ Kb6 37.gxf3 Kxb5
38.Rc5+ Kb6 39.Rc8 f5 40.Ke2 Kb7 41.Re8 Kc6 42.Kd3 Rg6 43.Rc8+ Kd6 44.Rd8+ Kc6
45.Ra8 Rg2 46.Ke2 Rh2 47.Kf1 Rh1+ 48.Kg2 Rd1 49.Rxa7 Rxd4 50.Ra6+ Kd5 51.Ra5+ Kd6
52.Ra6+ Kd5  1/2-1/2

[Event "Moscow Region Spring GM"]
[Site "Serpukhov RUS"]
[Date "2009.05.04"]
[Round "4"]
[White "Kupreichik,V"]
[Black "Savina,A"]
[Result "1/2-1/2"]
[WhiteElo "2453"]
[BlackElo "2258"]
[ECO "B30"]

1.e4 c5 2.Nf3 Nc6 3.Nc3 e5 4.Bc4 Be7 5.d3 d6 6.O-O Nf6 7.Ng5 O-O 8.f4 Bg4
9.Qd2 exf4 10.Qxf4 Ne5 11.h3 Bh5 12.Bb3 h6 13.Nf3 Bxf3 14.gxf3 b5 15.Nxb5 Qd7
16.Nc3 Qxh3 17.Ne2 Nh5 18.Qf5 Qxf5 19.exf5 Bh4 20.Ba4 Rab8 21.Kg2 Rb4 22.b3 Bd8
23.Bd2 Rb7 24.Rad1 Nf6 25.d4 cxd4 26.Nxd4 Bb6 27.Bf4 Nd5 28.Ne2 Nxf4+ 29.Nxf4 Bc5
30.c3 a5 31.Rfe1 Kh7 32.Nd5 Rc8 33.Kg3 Ba3 34.Re4 g6 35.fxg6+ Nxg6 36.b4 axb4
37.cxb4 Kg7 38.Re3 Bb2 39.Rb3 Be5+ 40.f4 Nxf4 41.Nxf4 Rc4 42.Rf1 Rbxb4 43.Rxb4 Rxb4
44.Bd1 Kf6 45.Kg4 h5+ 46.Kxh5 Rxf4 47.Rxf4+  1/2-1/2